[Event "Moscow RSHSH"]
[Site "Moscow"]
[Date "2023.08.17"]
[Round "4"]
[White "Karpov, Alexander"]
[Black "Yurasov, Matfey"]
[Result "0-1"]
[WhiteElo "2264"]
[BlackElo "2195"]
[PlyCount "197"]
[EventDate "2023.08.14"]
[EventType "tourn"]
[EventRounds "9"]
[EventCountry "RUS"]
[EventCategory "2"]
[SourceTitle "CBM 215 Extra"]
[Source "ChessBase"]
[SourceDate "2023.09.30"]
[SourceVersion "1"]
[SourceVersionDate "2023.09.30"]
[SourceQuality "1"]

1. e4 c6 2. d4 d5 3. exd5 cxd5 4. Bd3 Nc6 5. c3 Nf6 6. Bf4 Bg4 7. Qb3 e5 8. dxe5 Nh5 9. Be3 Nxe5 10. Bb5+ Nc6 11. h3 Be6 12. Qd1 Nf6 13. Nf3 Bd6 14. Nbd2 0-0 15. 0-0 a6 16. Bd3 h6 17. Nb3 Ne4 18. Nbd4 Nxd4 19. Nxd4 Qf6 20. Qh5 Rfe8 21. Rad1 Rad8 22. Nxe6 Qxe6 23. Rfe1 f5 24. Bc2 Bb8 25. Bd4 Kh7 26. Be3 Bc7 27. Bb3 Rf8 28. Rd3 Bb6 29. Red1 Bxe3 30. Rxe3 Qb6 31. Rd4 Rde8 32. Rb4 Qc5 33. Rd4 Qb6 34. Re2 Re5 35. Qf3 Rfe8 36. Re3 Qc5 37. Red3 Qc7 38. g3 Ng5 39. Qg2 Re1+ 40. Kh2 R8e2 41. Bxd5 Rxb2 42. h4 Ree2 43. Rf4 Ne4 44. Bxe4 fxe4 45. Rd4 Qc5 46. Kh3 Qc8+ 47. Kh2 e3 48. Qe4+ Kh8 49. Qd3 exf2 50. Rd8+ Re8 51. Rxe8+ Qxe8 52. Qf1 Qe2 53. Qxe2 Rxe2 54. Kg2 Rxa2 55. h5 Kg8 56. Rc4 Rb2 57. Rc7 a5 58. c4 a4 59. Rc8+ Kf7 60. Ra8 Rb4 61. Ra7 Ke6 62. Kxf2 Ke5 63. Ke3 Rb3+ 64. Kd2 a3 65. Kc2 Rxg3 66. Rxb7 Kd4 67. Rc7 Rc3+ 68. Kb1 Rg3 69. Ka2 Ke5 70. c5 Kd5 71. Ka1 Kc4 72. Ka2 Kb4 73. Ka1 Rg2 74. Kb1 Rg5 75. Ka2 Rg2+ 76. Ka1 Kb5 77. Kb1 Rb2+ 78. Ka1 Rh2 79. Rxg7 Rxh5 80. Ka2 Rh3 81. Rc7 h5 82. c6 h4 83. Rc8 Kb6 84. c7 Kb7 85. Rb8+ Kxc7 86. Rb4 Kd6 87. Rg4 Ke5 88. Rc4 Kf5 89. Rc5+ Kg4 90. Rc4+ Kf5 91. Rd4 Rh1 92. Kxa3 h3 93. Kb2 Rg1 94. Rh4 Rg3 95. Kc2 Kg5 96. Rh8 Kf4 97. Kd2 Kf5 98. Kc2 Rg2+ 99. Kd3 0-1

[Event "Donskoj 07"]
[Site "Donskoj"]
[Date "2018.07.24"]
[Round "9"]
[White "Karpov, Alexander"]
[Black "Gusev, Aleksey"]
[Result "1/2-1/2"]
[WhiteElo "2238"]
[BlackElo "2370"]
[PlyCount "115"]
[EventDate "2018.07.20"]
[EventType "tourn"]
[EventRounds "9"]
[EventCountry "RUS"]
[EventCategory "2"]
[SourceTitle "CBM 186 Extra"]
[Source "ChessBase"]
[SourceDate "2018.08.24"]
[SourceVersion "1"]
[SourceVersionDate "2018.08.24"]
[SourceQuality "1"]

1. e4 c6 2. c4 d5 3. exd5 cxd5 4. cxd5 Nf6 5. Nc3 Nxd5 6. Nf3 e6 7. d4 Be7 8. Bc4 Nf6 9. 0-0 0-0 10. Re1 Nc6 11. a3 b6 12. Qd3 Bb7 13. Ba2 Rc8 14. Bg5 Re8 15. Rad1 Nd5 16. h4 Nxc3 17. bxc3 Na5 18. Bxe7 Rxe7 19. Ne5 Qd6 20. c4 Qc7 21. Rc1 Nc6 22. Nf3 Qf4 23. Qe3 Qxe3 24. Rxe3 Na5 25. Ne5 Rec7 26. Rce1 Ba6 27. c5 bxc5 28. d5 c4 29. dxe6 fxe6 30. Nf3 Bb7 31. Ng5 Bd5 32. Nxe6 Re7 33. Re5 Rxe6 34. Rxe6 Bxe6 35. Rxe6 Kf8 36. Re1 Nb3 37. Bxb3 cxb3 38. Rb1 Rc3 39. Kf1 Ke7 40. Ke1 Ke6 41. Kd2 Rc2+ 42. Kd3 Rxf2 43. Rxb3 Rxg2 44. Rb7 a5 45. Ra7 Rg4 46. Ra6+ Ke7 47. Ra7+ Kf6 48. Ra6+ Ke7 49. Ra7+ Kd6 50. Ra6+ Kc7 51. h5 Rg5 52. h6 Kb7 53. Re6 Rg3+ 54. Kc4 gxh6 55. Rxh6 Rxa3 56. Rxh7+ Kb6 57. Rh6+ Kc7 58. Ra6 1/2-1/2

[Event "Donskoj 07"]
[Site "Donskoj"]
[Date "2018.07.23"]
[Round "6"]
[White "Karpov, Alexander"]
[Black "Trubizin, Ivan"]
[Result "1-0"]
[WhiteElo "2238"]
[BlackElo "2111"]
[PlyCount "61"]
[EventDate "2018.07.20"]
[EventType "tourn"]
[EventRounds "9"]
[EventCountry "RUS"]
[EventCategory "2"]
[SourceTitle "CBM 186 Extra"]
[Source "ChessBase"]
[SourceDate "2018.08.24"]
[SourceVersion "1"]
[SourceVersionDate "2018.08.24"]
[SourceQuality "1"]

1. e4 c5 2. Nf3 e6 3. c3 Nf6 4. e5 Nd5 5. d4 d6 6. dxc5 dxe5 7. Nxe5 Bxc5 8. Bd3 Qc7 9. Nf3 0-0 10. 0-0 Nf4 11. Be4 Nd7 12. Qd2 e5 13. Qc2 Ng6 14. Bg5 h6 15. Bxh6 gxh6 16. Bxg6 fxg6 17. Qxg6+ Kh8 18. Qxh6+ Kg8 19. Qg5+ Kh8 20. Nbd2 Rf7 21. Rae1 b6 22. Re4 Rg7 23. Rh4+ Kg8 24. Qh6 Nf8 25. Qh8+ Kf7 26. Re1 Ng6 27. Ng5+ Kf6 28. Nde4+ Kf5 29. Qxc8+ Qxc8 30. g4+ Kf4 31. Nh3+ 1-0

[Event "Donskoj"]
[Site "Donskoj"]
[Date "2018.03.16"]
[Round "13"]
[White "Karpov, Alexander"]
[Black "Kravchenko, Alexander"]
[Result "1-0"]
[WhiteElo "2201"]
[BlackElo "1829"]
[PlyCount "61"]
[EventDate "2018.03.09"]
[EventType "tourn"]
[EventRounds "13"]
[EventCountry "RUS"]
[EventCategory "1"]
[SourceTitle "CBM 183 Extra"]
[Source "ChessBase"]
[SourceDate "2018.04.19"]
[SourceVersion "1"]
[SourceVersionDate "2018.04.19"]
[SourceQuality "1"]

1. d4 Nf6 2. c4 g6 3. Nc3 Bg7 4. g3 d6 5. Bg2 0-0 6. Nf3 Nc6 7. 0-0 a6 8. h3 Bd7 9. Bf4 Rb8 10. c5 dxc5 11. dxc5 Nh5 12. Be3 Be6 13. Qa4 Nf6 14. Rfd1 Qc8 15. Kh2 Rd8 16. Ng5 Rxd1 17. Rxd1 Ne5 18. Nxe6 Qxe6 19. Nd5 Nxd5 20. Bxd5 Qf6 21. Bxb7 g5 22. Be4 Rxb2 23. Rd8+ Bf8 24. Qe8 Qg7 25. Bd4 Rxe2 26. Bxe5 Qh6 27. Bxh7+ Kxh7 28. Qxf7+ Bg7 29. Bxg7 Qxg7 30. Qh5+ Qh6 31. Qxe2 1-0

[Event "Donskoj"]
[Site "Donskoj"]
[Date "2018.03.15"]
[Round "11"]
[White "Karpov, Alexander"]
[Black "Brikov, Illarion"]
[Result "1/2-1/2"]
[WhiteElo "2201"]
[BlackElo "2394"]
[PlyCount "120"]
[EventDate "2018.03.09"]
[EventType "tourn"]
[EventRounds "13"]
[EventCountry "RUS"]
[EventCategory "1"]
[SourceTitle "CBM 183 Extra"]
[Source "ChessBase"]
[SourceDate "2018.04.19"]
[SourceVersion "1"]
[SourceVersionDate "2018.04.19"]
[SourceQuality "1"]

1. d4 Nf6 2. c4 g6 3. Nc3 Bg7 4. g3 0-0 5. Bg2 d6 6. Nf3 a6 7. 0-0 Nc6 8. h3 Rb8 9. Be3 b5 10. Nd2 Na5 11. cxb5 axb5 12. b4 Nc4 13. Nxc4 bxc4 14. b5 d5 15. a4 c6 16. Qd2 e6 17. Rfb1 Bd7 18. Bf4 Rb7 19. Rb2 Qa5 20. Nxd5 Qxd2 21. Nxf6+ Bxf6 22. Rxd2 Rc8 23. bxc6 Bxc6 24. Bxc6 Rxc6 25. e3 Be7 26. e4 c3 27. Rc2 g5 28. Be3 Rb2 29. Rac1 Bb4 30. Bxg5 Ra6 31. Bh6 f6 32. Kf1 Rxa4 33. Ke2 Ra1 34. Kd3 Raa2 35. Be3 Kf7 36. d5 exd5 37. exd5 Ra5 38. Rxb2 cxb2 39. Rb1 Ba3 40. Kc4 f5 41. Bd4 Ra4+ 42. Kb3 Rxd4 43. Kxa3 Rxd5 44. Rxb2 Kg6 45. Kb4 Kg5 46. Kc4 Rd6 47. Kc5 Rd3 48. Kc4 Rd6 49. f4+ Kg6 50. Rb3 h6 51. Rd3 Re6 52. Kc3 Re2 53. Rf3 Kh5 54. Kd4 Re4+ 55. Kd3 Re1 56. Rf2 Rh1 57. g4+ fxg4 58. hxg4+ Kxg4 59. f5 Re1 60. f6 Re8 1/2-1/2

[Event "Vladimir op"]
[Site "Suzdal"]
[Date "2016.08.06"]
[Round "2"]
[White "Konaplev, Anton"]
[Black "Karpov, Alexander"]
[Result "1-0"]
[WhiteElo "2179"]
[BlackElo "2242"]
[PlyCount "83"]
[EventDate "2016.08.05"]
[EventType "tourn"]
[EventRounds "9"]
[EventCountry "RUS"]
[SourceTitle "EXT 2018"]
[Source "ChessBase"]
[SourceDate "2017.10.13"]
[SourceVersion "1"]
[SourceVersionDate "2017.10.13"]
[SourceQuality "1"]

1. d4 d5 2. c4 e6 3. Nc3 c6 4. e3 Nf6 5. Nf3 Nbd7 6. Bd3 dxc4 7. Bxc4 b5 8. Bd3 b4 9. Ne4 Nxe4 10. Bxe4 Bb7 11. 0-0 Be7 12. Qe2 0-0 13. Bd2 Qb6 14. Rac1 c5 15. Bxb7 Qxb7 16. e4 Rac8 17. b3 Rfd8 18. dxc5 Nxc5 19. Rc4 Nd3 20. Rxc8 Qxc8 21. Be3 Qb7 22. Bd4 Nc5 23. Re1 a5 24. Qe3 Qb5 25. h3 a4 26. bxa4 Nxa4 27. Rc1 Qb7 28. Qb3 Ra8 29. a3 Qxe4 30. axb4 Qf4 31. Rc6 h6 32. b5 Nc5 33. Qc2 e5 34. Bxe5 Qb4 35. b6 Qb5 36. Rc7 Re8 37. Qb2 Qxb2 38. Bxb2 Ne6 39. Rd7 Bc5 40. b7 Ba7 41. g3 Nc5 42. Rc7 1-0

[Event "Moscow VAO FM-A 06"]
[Site "Moscow"]
[Date "2016.07.07"]
[Round "9"]
[White "Karpov, Alexander"]
[Black "Fominykh, Maria"]
[Result "0-1"]
[WhiteElo "2242"]
[BlackElo "2267"]
[PlyCount "140"]
[EventDate "2016.06.29"]
[EventType "tourn"]
[EventRounds "9"]
[EventCountry "RUS"]
[SourceTitle "EXT 2018"]
[Source "ChessBase"]
[SourceDate "2017.10.13"]
[SourceVersion "1"]
[SourceVersionDate "2017.10.13"]
[SourceQuality "1"]

1. e4 d6 2. d4 Nf6 3. Nc3 e5 4. Nf3 Nbd7 5. g4 Nxg4 6. Rg1 Ngf6 7. Bc4 h6 8. Be3 c6 9. Qd3 b5 10. Bxf7+ Kxf7 11. dxe5 dxe5 12. Nxe5+ Kg8 13. 0-0-0 Qc7 14. Ng6 Ne5 15. Nxe5 Qxe5 16. a3 Bg4 17. f4 Qh5 18. Rd2 Kh7 19. Rdg2 Rg8 20. e5+ Bf5 21. Qd4 Ng4 22. Bd2 Be7 23. Ne4 Rad8 24. Nd6 Rd7 25. Bb4 Nxh2 26. Rh1 Bxd6 27. Bxd6 Nf3 28. Qd1 Qf7 29. Qxf3 Qa2 30. Rhg1 Qa1+ 31. Kd2 Qxb2 32. Qxc6 Qd4+ 33. Kc1 Qxf4+ 34. Kb1 a5 35. Ka1 b4 36. Rg3 bxa3 37. Qf3 Qxf3 38. Rxf3 Bxc2 39. Rxa3 a4 40. Rc3 Bb3 41. Kb2 g5 42. Rh3 Kg6 43. Rf1 Rf7 44. Rxf7 Bxf7 45. Ka3 Bb3 46. Rh1 g4 47. e6 Bxe6 48. Kxa4 h5 49. Bg3 Rf8 50. Kb5 Rf3 51. Bh4 Kf5 52. Kc5 Kf4 53. Kd4 Bf7 54. Bf6 Rf2 55. Be5+ Kf3 56. Bc7 Kg2 57. Rh2+ Kg1 58. Rh4 Rf3 59. Ke4 Bg6+ 60. Ke5 g3 61. Bb6+ Kf1 62. Rh1+ Ke2 63. Bd4 g2 64. Rg1 Rf5+ 65. Ke6 Rg5 66. Kf6 Rg4 67. Ba7 h4 68. Ra1 h3 69. Bg1 Rf4+ 70. Kxg6 Rf1 0-1

[Event "Moscow VAO FM 07"]
[Site "Moscow"]
[Date "2015.07.27"]
[Round "?"]
[White "Karpov, Alexander"]
[Black "Fominykh, Maria"]
[Result "1/2-1/2"]
[WhiteElo "2222"]
[BlackElo "2253"]
[PlyCount "51"]
[EventDate "2015.07.27"]
[EventType "tourn"]
[EventRounds "10"]
[EventCountry "RUS"]
[SourceTitle "EXT 2016"]
[Source "ChessBase"]
[SourceDate "2015.10.08"]
[SourceVersion "1"]
[SourceVersionDate "2015.10.08"]
[SourceQuality "1"]

1. e4 e6 2. d4 d5 3. e5 c5 4. c3 Nc6 5. Nf3 Nge7 6. Na3 Ng6 7. Nc2 cxd4 8. cxd4 Qa5+ 9. Bd2 Qb6 10. b4 Be7 11. Rb1 f6 12. h4 fxe5 13. h5 Nf8 14. dxe5 Nd7 15. Bc3 0-0 16. Ne3 d4 17. Nc4 Qc7 18. Nxd4 Ndxe5 19. Nxc6 Nxc6 20. Be2 b5 21. Ne3 a5 22. a3 axb4 23. axb4 Rd8 24. Qc2 Nxb4 25. Bxb4 Bxb4+ 26. Kf1 1/2-1/2

[Event "Moscow VAO FM 07"]
[Site "Moscow"]
[Date "2015.07.27"]
[Round "?"]
[White "Karpov, Alexander"]
[Black "Slavinsky, Petr"]
[Result "0-1"]
[WhiteElo "2222"]
[BlackElo "2273"]
[PlyCount "66"]
[EventDate "2015.07.27"]
[EventType "tourn"]
[EventRounds "10"]
[EventCountry "RUS"]
[SourceTitle "EXT 2016"]
[Source "ChessBase"]
[SourceDate "2015.10.08"]
[SourceVersion "1"]
[SourceVersionDate "2015.10.08"]
[SourceQuality "1"]

1. e4 e5 2. Nf3 Nf6 3. d3 Nc6 4. Be2 d5 5. Nbd2 Bc5 6. c3 a5 7. 0-0 0-0 8. a4 Re8 9. Qc2 h6 10. exd5 Nxd5 11. Ne4 Bb6 12. Re1 Bf5 13. Bf1 Qd7 14. Qb3 Rad8 15. Nfd2 Nf4 16. Nc4 Nxd3 17. Nxb6 cxb6 18. Bxd3 Qxd3 19. Nd2 Qa6 20. Nf1 Bd3 21. Be3 b5 22. axb5 Bxb5 23. Nd2 a4 24. Qa3 Ra8 25. Ne4 Na5 26. Qb4 Bc6 27. Nf6+ gxf6 28. Qg4+ Kh8 29. Qf5 Re6 30. Rad1 Rg8 31. f3 Rg6 32. h4 Nc4 33. Bf2 Nd6 0-1

[Event "Zudov Memorial-A 8th"]
[Site "Nizhnij Tagil"]
[Date "2012.10.14"]
[Round "9"]
[White "Kazakov, Konstantin"]
[Black "Karpov, Alexander"]
[Result "1-0"]
[WhiteElo "2286"]
[BlackElo "2296"]
[PlyCount "107"]
[EventDate "2012.10.07"]
[EventType "tourn"]
[EventRounds "14"]
[EventCountry "RUS"]
[EventCategory "2"]
[SourceTitle "EXT 2013"]
[Source "ChessBase"]
[SourceDate "2012.11.22"]
[SourceVersion "1"]
[SourceVersionDate "2012.11.22"]
[SourceQuality "1"]

1. d4 d6 2. c4 e5 3. Nf3 e4 4. Ng5 f5 5. Nc3 Be7 6. Nh3 Nf6 7. Nf4 c6 8. e3 Na6 9. h4 Nc7 10. d5 0-0 11. Be2 Nd7 12. h5 Ne5 13. Bd2 Bd7 14. Qb3 c5 15. a4 b6 16. a5 Rb8 17. axb6 Rxb6 18. Qa3 Ra6 19. Qxa6 Nxa6 20. Rxa6 Qb8 21. h6 g6 22. Ne6 Rf7 23. 0-0 Bc8 24. Ra3 Bf6 25. Rfa1 a6 26. R1a2 Nd7 27. Nb5 Nf8 28. Rxa6 Bxa6 29. Rxa6 Bxb2 30. Ba5 Be5 31. Nec7 Qd8 32. g3 Qg5 33. Ne6 Nxe6 34. dxe6 Rf8 35. Ra7 Bxg3 36. fxg3 Qxg3+ 37. Kf1 Qh3+ 38. Ke1 Qxe3 39. Rg7+ Kh8 40. Bc3 Qc1+ 41. Bd1 Qe3+ 42. Kf1 Qh3+ 43. Ke1 Qe3+ 44. Kf1 Qh3+ 45. Kf2 Qh2+ 46. Ke1 Qh1+ 47. Kd2 Qxh6+ 48. Kc2 Qxg7 49. Nxd6 Rf6 50. Ne8 Qa7 51. Nxf6 Qa2+ 52. Kc1 Qxc4 53. Nxe4+ Kg8 54. e7 1-0

[Event "Zudov Memorial-A 8th"]
[Site "Nizhnij Tagil"]
[Date "2012.10.07"]
[Round "1"]
[White "Putilov, Vladimir"]
[Black "Karpov, Alexander"]
[Result "0-1"]
[WhiteElo "2181"]
[BlackElo "2296"]
[PlyCount "65"]
[EventDate "2012.10.07"]
[EventType "tourn"]
[EventRounds "14"]
[EventCountry "RUS"]
[EventCategory "2"]
[SourceTitle "EXT 2013"]
[Source "ChessBase"]
[SourceDate "2012.11.22"]
[SourceVersion "1"]
[SourceVersionDate "2012.11.22"]
[SourceQuality "1"]

1. e4 d6 2. d4 Nf6 3. Nc3 c6 4. f4 Qa5 5. Bd3 e5 6. Nf3 exd4 7. Nxd4 g6 8. Qe2 Bg7 9. Bd2 Qb6 10. e5 dxe5 11. Qxe5+ Kd8 12. Nce2 Nbd7 13. Qg5 h6 14. Qh4 c5 15. Nb3 Qc6 16. 0-0-0 b6 17. Nc3 Kc7 18. f5 g5 19. Qg3+ Kd8 20. Bc4 Bb7 21. Nb5 Ne4 22. Qe3 Re8 23. Rhe1 a6 24. Nc3 Qf6 25. Qd3 Bc6 26. Bd5 Nxd2 27. Rxe8+ Kxe8 28. Rxd2 Ne5 29. Qe4 Kf8 30. Re2 Rd8 31. Nd2 Bxd5 32. Nxd5 Nd3+ 33. Kd1 0-1

[Event "Novosibirsk Siberia"]
[Site "Novosibirsk"]
[Date "2012.07.24"]
[Round "7"]
[White "Gubsky, Egor"]
[Black "Karpov, Alexander"]
[Result "0-1"]
[WhiteElo "2143"]
[BlackElo "2301"]
[PlyCount "118"]
[EventDate "2012.07.18"]
[EventType "tourn"]
[EventRounds "9"]
[EventCountry "RUS"]
[EventCategory "2"]
[SourceTitle "EXT 2013"]
[Source "ChessBase"]
[SourceDate "2012.11.22"]
[SourceVersion "1"]
[SourceVersionDate "2012.11.22"]
[SourceQuality "1"]

1. d4 d6 2. Nf3 Nf6 3. c4 Nbd7 4. Nc3 e5 5. e4 Be7 6. Be2 0-0 7. 0-0 c6 8. Qc2 a6 9. Rd1 Qc7 10. b4 a5 11. b5 Re8 12. Bb2 Bf8 13. Rac1 exd4 14. Nxd4 Nc5 15. f3 a4 16. Ba3 g6 17. Bf1 Re5 18. Nde2 Bh6 19. f4 Qb6 20. g3 Nd3+ 21. Kh1 Nf2+ 22. Kg2 Bh3+ 23. Kf3 Bg4+ 24. Kg2 Qe3 25. Ng1 Nh3 26. Be2 Qf2+ 27. Kh1 Nxf4 28. Bxg4 Nxg4 29. gxf4 Qxf4 30. Rf1 Qg5 31. Qg2 Qh5 32. Bxd6 Bxc1 33. Bxe5 Ne3 34. Qf2 Nxf1 35. Qf6 Kf8 36. Bd6+ Kg8 37. Be5 Kf8 38. Bd6+ Kg8 39. Qxf1 Bd2 40. bxc6 bxc6 41. Nce2 Re8 42. Ng3 Qg4 43. c5 h5 44. Qf2 h4 45. Qxd2 hxg3 46. hxg3 Qxe4+ 47. Kh2 Kg7 48. Qb2+ Kh7 49. a3 g5 50. Qf6 Qg6 51. Qxg6+ Kxg6 52. Nf3 Re2+ 53. Kg1 Ra2 54. Ne5+ Kf5 55. Nxc6 Rxa3 56. Nd4+ Ke4 57. Nb5 Rb3 58. c6 Rxb5 59. c7 Rb1+ 0-1

[Event "Novosibirsk Siberia"]
[Site "Novosibirsk"]
[Date "2012.07.20"]
[Round "3"]
[White "Vekshenkov, Nikolai"]
[Black "Karpov, Alexander"]
[Result "0-1"]
[WhiteElo "2416"]
[BlackElo "2301"]
[PlyCount "72"]
[EventDate "2012.07.18"]
[EventType "tourn"]
[EventRounds "9"]
[EventCountry "RUS"]
[EventCategory "2"]
[SourceTitle "EXT 2013"]
[Source "ChessBase"]
[SourceDate "2012.11.22"]
[SourceVersion "1"]
[SourceVersionDate "2012.11.22"]
[SourceQuality "1"]

1. d4 d6 2. Nf3 f5 3. g3 Nf6 4. Bg2 g6 5. c4 Bg7 6. 0-0 0-0 7. Nc3 c6 8. d5 e5 9. dxe6 Bxe6 10. b3 Ne4 11. Nxe4 fxe4 12. Nd4 Qe7 13. Rb1 Na6 14. Nxe6 Qxe6 15. Bb2 Bxb2 16. Rxb2 Qe5 17. Rd2 Rad8 18. Rd4 e3 19. f4 Qf6 20. Re4 Rfe8 21. Qd4 Qxd4 22. Rxd4 Nb4 23. Rfd1 Nxa2 24. Rxd6 Rxd6 25. Rxd6 Nc1 26. Bf3 Nxb3 27. Kg2 a5 28. g4 Nc5 29. Rd1 a4 30. Ra1 Rd8 31. Kg3 Rd4 32. Ra3 Rxc4 33. Rxe3 Kf7 34. g5 Ne6 35. Be4 b5 36. Bb1 b4 0-1

[Event "Kostroma Volga Cup (Women)"]
[Site "Kostroma"]
[Date "2010.07.08"]
[Round "8.6"]
[White "Tarleva, Vira"]
[Black "Karpov, Alexander"]
[Result "1/2-1/2"]
[WhiteElo "2109"]
[BlackElo "2311"]
[PlyCount "23"]
[EventDate "2010.07.03"]
[EventType "tourn"]
[EventRounds "11"]
[EventCountry "RUS"]
[SourceTitle "EXT 2011"]
[Source "ChessBase"]
[SourceDate "2010.11.26"]
[SourceVersion "1"]
[SourceVersionDate "2010.11.26"]
[SourceQuality "1"]

1. e4 c5 2. Nf3 e6 3. d4 cxd4 4. Nxd4 Nf6 5. Nc3 Nc6 6. Ndb5 d6 7. Bf4 e5 8. Bg5 a6 9. Na3 b5 10. Nd5 Qa5+ 11. Bd2 Qd8 12. Bg5 1/2-1/2

[Event "Khanty-Mansiysk"]
[Site "Khanty-Mansiysk"]
[Date "2009.10.02"]
[Round "7"]
[White "Kopylov, Alexander A"]
[Black "Karpov, Alexander"]
[Result "1-0"]
[WhiteElo "2442"]
[BlackElo "2362"]
[PlyCount "45"]
[EventDate "2009.09.26"]
[EventType "tourn"]
[EventRounds "9"]
[EventCountry "RUS"]
[EventCategory "6"]
[SourceTitle "EXT 2010"]
[Source "ChessBase"]
[SourceDate "2010.11.25"]
[SourceVersion "1"]
[SourceVersionDate "2010.11.25"]
[SourceQuality "1"]

1. e4 e5 2. Nf3 Nc6 3. Bc4 Bc5 4. b4 Bxb4 5. c3 Ba5 6. 0-0 Nge7 7. Ng5 d5 8. exd5 Nxd5 9. d4 Be6 10. Bb5 exd4 11. Qa4 Bxc3 12. Bxc6+ bxc6 13. Qxc6+ Ke7 14. Nxe6 Qd6 15. Ba3 Nb4 16. Qa4 fxe6 17. Nxc3 a5 18. Nb5 Qb6 19. Bxb4+ axb4 20. Qxb4+ c5 21. Qc4 Rhd8 22. Rfe1 Kf7 23. Re5 1-0

[Event "Khanty-Mansiysk"]
[Site "Khanty-Mansiysk"]
[Date "2009.10.01"]
[Round "6"]
[White "Karpov, Alexander"]
[Black "Obodchuk, Andrei"]
[Result "1/2-1/2"]
[WhiteElo "2362"]
[BlackElo "2395"]
[PlyCount "100"]
[EventDate "2009.09.26"]
[EventType "tourn"]
[EventRounds "9"]
[EventCountry "RUS"]
[EventCategory "6"]
[SourceTitle "EXT 2010"]
[Source "ChessBase"]
[SourceDate "2010.11.25"]
[SourceVersion "1"]
[SourceVersionDate "2010.11.25"]
[SourceQuality "1"]

1. e4 c5 2. Nf3 d6 3. Bb5+ Nd7 4. 0-0 Ngf6 5. Re1 e5 6. c3 a6 7. Bf1 Be7 8. d4 0-0 9. a4 b6 10. Nbd2 Qc7 11. Bd3 Bb7 12. Nf1 Rfe8 13. Ng3 g6 14. Bd2 Bf8 15. b4 exd4 16. cxd4 c4 17. Bc2 b5 18. Ra3 Bg7 19. Qc1 Nf8 20. d5 Ng4 21. h3 Ne5 22. Nh2 Rac8 23. Bh6 Bh8 24. axb5 axb5 25. Ra5 Ra8 26. Rxb5 Ra2 27. Bb1 Ra1 28. Qe3 c3 29. Bc2 Rxe1+ 30. Qxe1 Nc4 31. Bf4 Ba6 32. Rc5 Qb7 33. Ba4 dxc5 34. Bxe8 cxb4 35. Ng4 Bg7 36. Nh6+ Bxh6 37. Bxh6 Bb5 38. Bxb5 Qxb5 39. Ne2 f6 40. Qa1 Qa5 41. Qb1 Ne5 42. Nd4 Qc5 43. Nc2 Nd3 44. Qb3 Qxf2+ 45. Kh1 Nf4 46. d6+ N8e6 47. Bxf4 Qf1+ 48. Kh2 Qxf4+ 49. Kh1 Qxd6 50. Nxb4 Qe5 1/2-1/2

[Event "Khanty-Mansiysk"]
[Site "Khanty-Mansiysk"]
[Date "2009.09.30"]
[Round "5"]
[White "Kunakbaev, Ilnur"]
[Black "Karpov, Alexander"]
[Result "1-0"]
[WhiteElo "2170"]
[BlackElo "2362"]
[PlyCount "63"]
[EventDate "2009.09.26"]
[EventType "tourn"]
[EventRounds "9"]
[EventCountry "RUS"]
[EventCategory "6"]
[SourceTitle "EXT 2010"]
[Source "ChessBase"]
[SourceDate "2010.11.25"]
[SourceVersion "1"]
[SourceVersionDate "2010.11.25"]
[SourceQuality "1"]

1. d4 f5 2. Bg5 Nf6 3. Bxf6 exf6 4. e3 d5 5. Bd3 Bd6 6. Qf3 g6 7. h4 c6 8. Nc3 Be6 9. h5 Rg8 10. hxg6 hxg6 11. Rh7 Nd7 12. Nge2 Qa5 13. Nf4 Bf7 14. g4 fxg4 15. Qxg4 f5 16. Qg5 Be7 17. Qh6 Nf6 18. Rg7 Bf8 19. Rxg8 Nxg8 20. Qh7 Nf6 21. Qh8 Ng4 22. f3 Nxe3 23. Kd2 0-0-0 24. Kxe3 Ba3 25. Qf6 Bxb2 26. Rb1 Qxc3 27. Ne2 Qb4 28. Rxb2 Qxb2 29. Qxf7 Rd6 30. Qe7 Qa3 31. Kf4 g5+ 32. Ke5 1-0

[Event "Khanty-Mansiysk"]
[Site "Khanty-Mansiysk"]
[Date "2009.09.29"]
[Round "4"]
[White "Karpov, Alexander"]
[Black "Pridorozhni, Aleksei"]
[Result "1/2-1/2"]
[WhiteElo "2362"]
[BlackElo "2526"]
[PlyCount "31"]
[EventDate "2009.09.26"]
[EventType "tourn"]
[EventRounds "9"]
[EventCountry "RUS"]
[EventCategory "6"]
[SourceTitle "EXT 2010"]
[Source "ChessBase"]
[SourceDate "2010.11.25"]
[SourceVersion "1"]
[SourceVersionDate "2010.11.25"]
[SourceQuality "1"]

1. e4 d6 2. d4 Nf6 3. Nc3 e5 4. Nf3 Nbd7 5. Bc4 Be7 6. 0-0 exd4 7. Nxd4 Nb6 8. Be2 c5 9. Bb5+ Bd7 10. Nf5 0-0 11. Bxd7 Qxd7 12. Qf3 Ne8 13. Bf4 Qe6 14. Rad1 Rd8 15. Rfe1 Bf6 16. Ng3 1/2-1/2

[Event "Kimry"]
[Site "Kimry"]
[Date "2009.08.25"]
[Round "9"]
[White "Bivol, Alina"]
[Black "Karpov, Alexander"]
[Result "0-1"]
[WhiteElo "1958"]
[BlackElo "2362"]
[PlyCount "72"]
[EventDate "2009.08.21"]
[EventType "tourn"]
[EventRounds "11"]
[EventCountry "RUS"]
[SourceTitle "CBM 132 Extra"]
[Source "ChessBase"]
[SourceDate "2009.11.03"]
[SourceVersion "1"]
[SourceVersionDate "2009.11.03"]
[SourceQuality "1"]

1. e4 d6 2. d4 Nf6 3. Nc3 Nbd7 4. Nf3 e5 5. dxe5 dxe5 6. Bc4 Bc5 7. 0-0 0-0 8. Bg5 c6 9. a3 b5 10. Ba2 a5 11. b4 Be7 12. Bxf6 Bxf6 13. Qd6 Ra6 14. Rfd1 Be7 15. Qd3 axb4 16. axb4 Qb6 17. Rdb1 Rd8 18. Nd1 Nf8 19. Qe2 Ng6 20. Ne3 Qa7 21. c4 Be6 22. g3 Ra4 23. Rb2 Bxb4 24. Qc2 Bc5 25. cxb5 Bd7 26. bxc6 Bd4 27. c7 Rc8 28. Nxd4 exd4 29. Rb8 Ne7 30. Kg2 Rxa2 31. Rxa2 Qxa2 32. Qc5 Ng6 33. Qd6 Nf8 34. Qxd4 Qc2 35. Rb7 Rxc7 36. Rb8 Rc8 0-1